000
00329 a2200133 4500
245
_a
The Impact of Malnutrition on Immune Defense in Parasitic Infestation
100
_a
Nestlé Foundation
260
_c
1981
300
_a
199 p.
035
_a
3463
999
_c
17532
_d
17532